Seneca /

Bibliographic Details
Main Author: Seneca, Lucius Annaeus, approximately 4 B.C.-65 A.D
Other Authors: Corcoran, Thomas H.
Format: Book
Language:English
Undetermined
Published: London : Cambridge, Mass. : W. Heinemann ; Harvard University Press, 1971-1972.
Series:Loeb classical library ; 62, etc.

MARC

Tag First Indicator Second Indicator Subfields
LEADER 00000cam a2200000 4500
001 in00000019775
005 20151007053724.0
008 720218m19711972enk b 00010 eng
010 |a  72200275  
015 |a B*** 
020 |a 0674992369 (v. 1) 
020 |a 0674992806 (v. 2) 
020 |a 0674993438 (v. 3) 
020 |a 0674990846 (v. 4) 
020 |a 0674990854 (v. 5) 
020 |a 0674990862 (v. 6) 
020 |a 0674994957 (v. 7) 
020 |a 0674990692 (v. 8) 
020 |a 0674995031 (v. 10) 
035 |a (OCoLC)00262461 
035 |9 AAB2600AM 
040 |a DLC  |c DLC  |d m.c.  |d OCL  |d TXA  |d UtOrBLW 
041 1 |a eng  |a und 
049 |a TXAM  |c 1  |v 7 [A11103868]  |v 10 [A11103957]  |c 2  |v 7 [A11666086]   |v 10 [A11666133] 
050 0 0 |a PA6156.S4  |b N3 1971 
082 0 |a 188 
100 1 |a Seneca, Lucius Annaeus,  |d approximately 4 B.C.-65 A.D. 
245 1 0 |a Seneca /  |c With an English translation by Thomas H. Corcoran. 
264 1 |a London :  |b W. Heinemann ;  |a Cambridge, Mass. :  |b Harvard University Press,  |c 1971-1972. 
300 |a 10 volumes ;  |c 17 cm. 
336 |a text  |b txt  |2 rdacontent 
337 |a unmediated  |b n  |2 rdamedia 
338 |a volume  |b nc  |2 rdacarrier 
490 1 |a Loeb classical library ;  |v 62, etc 
504 |a Bibliography: volume 7, pages xxvii-xxix. 
505 0 |a v. 1-3. Moral essays.--v. 4-6. Epistulae morales.--v. 7. Naturales quaestiones I.--v. 8-9. Tragedies.--v. 10. Naturales quaestiones II. 
700 1 |a Corcoran, Thomas H. 
830 0 |a Loeb classical library ;  |v 62, etc. 
999 |a MARS 
999 f f |s af682ea6-fe2b-39f1-8348-c5516ab76081  |i dd7bed80-67e1-3300-82a6-b976a8a0526b  |t 0 
952 f f |p ric  |a Texas A&M University  |b Rellis Campus  |c Joint Library Facility  |s JLF  |d Remote Storage  |t 0  |e PA6156.S4 N3 1971  |h Library of Congress classification  |i unmediated -- volume  |k v.7  |m A14811666086 
952 f f |p ric  |a Texas A&M University  |b Rellis Campus  |c Joint Library Facility  |s JLF  |d Remote Storage  |t 0  |e PA6156.S4 N3 1971  |h Library of Congress classification  |i unmediated -- volume  |k v.10  |m A14811666133 
998 f f |a PA6156.S4 N3 1971  |s v.10  |t 0  |l Remote Storage